000 00995nam a2200241 i 4500
001 125148
003 ES-MaACL
005 20260112144122.0
007 t|
008 070504s1928 sp ||||1| spa d
100 1 _aMarquina, Eduardo,
_d1879-1946
_977043
245 1 0 _aDoña María la Brava
_b: cuatro actos, en verso. En la muerte de María Guerrero: epilogal. Poema de Eduardo Marquina. Cómo ganó María Guerrero, para España, el Corazón de América, por Valentín de Pedro /
_cEduardo Marquina ; ilustraciones de Masberger.
260 _aMadrid :
_bRibadeneyra,
_c1928.
300 _a94 p. :
_bil. ;
_c17 cm.
490 1 _aLa Farsa ;
_v23
500 _aNúmero homenaje a María Guerrero.
500 _aOcho fotografías de María Guerrero en Doña María la Brava.
700 1 _aPedro, Valentín de.
_989917
700 1 _aMasberger,
_d1902-1969
_9169730
830 0 _aLa Farsa ;
_v23
_9185863
852 _aES-MaACL
_j2220-F-4
_bR.140687
999 _c125148
_d125148